The sermons to the Seven Churches of Revelation : (Record no. 9453)
[ view plain ]
| 000 -LEADER | |
|---|---|
| fixed length control field | 01566cam a2200349 i 4500 |
| 001 - CONTROL NUMBER | |
| control field | 21826718 |
| 003 - CONTROL NUMBER IDENTIFIER | |
| control field | GBCCL |
| 005 - DATE AND TIME OF LATEST TRANSACTION | |
| control field | 20241126110712.0 |
| 008 - FIXED-LENGTH DATA ELEMENTS--GENERAL INFORMATION | |
| fixed length control field | 201121s2021 miua b 001 0 eng |
| 010 ## - | |
| -- | 2020049527 |
| 020 ## - INTERNATIONAL STANDARD BOOK NUMBER | |
| International Standard Book Number | 9781540960139 |
| Qualifying information | (paperback) |
| 020 ## - INTERNATIONAL STANDARD BOOK NUMBER | |
| International Standard Book Number | 9781540964359 |
| Qualifying information | (casebound) |
| 040 ## - CATALOGING SOURCE | |
| Original cataloging agency | LBSOR/DLC |
| Language of cataloging | eng |
| Description conventions | rda |
| Transcribing agency | DLC |
| 042 ## - | |
| -- | pcc |
| 050 00 - | |
| -- | BS2825.53 |
| -- | .W45 2021 |
| 082 00 - DEWEY DECIMAL CLASSIFICATION NUMBER | |
| Classification number | 228.07 |
| Edition information | 23 |
| Item number | WEI |
| 100 1# - MAIN ENTRY--PERSONAL NAME | |
| Personal name | Weima, Jeffrey A. D., |
| Relator term | author. |
| 9 (RLIN) | 15121 |
| 245 14 - TITLE STATEMENT | |
| Title | The sermons to the Seven Churches of Revelation : |
| Remainder of title | a commentary and guide / |
| Statement of responsibility, etc. | Jeffrey A. D. Weima. |
| 264 #1 - PRODUCTION, PUBLICATION, DISTRIBUTION, MANUFACTURE, AND COPYRIGHT NOTICE | |
| Place of production, publication, distribution, manufacture | Hyderabad : |
| Name of producer, publisher, distributor, manufacturer | Good shepherd, |
| Date of production, publication, distribution, manufacture, or copyright notice | [2022] |
| 300 ## - PHYSICAL DESCRIPTION | |
| Extent | 282 pages : |
| Other physical details | illustrations ; |
| Dimensions | 23 cm |
| 336 ## - CONTENT TYPE | |
| Content type term | text |
| Content type code | txt |
| Source | rdacontent |
| 337 ## - MEDIA TYPE | |
| Media type term | unmediated |
| Media type code | n |
| Source | rdamedia |
| 338 ## - CARRIER TYPE | |
| Carrier type term | volume |
| Carrier type code | nc |
| Source | rdacarrier |
| 504 ## - BIBLIOGRAPHY, ETC. NOTE | |
| Bibliography, etc. note | Includes bibliographical references and index. |
| 505 0# - FORMATTED CONTENTS NOTE | |
| Formatted contents note | Ephesus -- Smyrna -- Pergamum -- Thyatira -- Sardis -- Philadelphia -- Laodicea. |
| 520 ## - SUMMARY, ETC. | |
| Summary, etc. | "A top New Testament scholar, preacher, and tour guide to the lands of the New Testament explains the meaning of the seven sermons of Revelation 2-3 and shows how these ancient messages are relevant for the church today"-- |
| Assigning source | Provided by publisher. |
| 630 00 - SUBJECT ADDED ENTRY--UNIFORM TITLE | |
| Uniform title | Bible. |
| Name of part/section of a work | Revelation, II-III |
| Form subdivision | Commentaries. |
| 9 (RLIN) | 16492 |
| 650 #0 - SUBJECT ADDED ENTRY--TOPICAL TERM | |
| Topical term or geographic name entry element | Seven churches |
| General subdivision | Sermons |
| -- | History and criticism. |
| 9 (RLIN) | 16493 |
| 906 ## - LOCAL DATA ELEMENT F, LDF (RLIN) | |
| a | 7 |
| b | cbc |
| c | orignew |
| d | 1 |
| e | ecip |
| f | 20 |
| g | y-gencatlg |
| 942 ## - ADDED ENTRY ELEMENTS (KOHA) | |
| Source of classification or shelving scheme | Dewey Decimal Classification |
| Koha item type | Books |
| Koha issues (borrowed), all copies | 4 |
| Withdrawn status | Lost status | Source of classification or shelving scheme | Damaged status | Not for loan | Home library | Current Library | Shelving location | Date acquired | Total checkouts | Full call number | Barcode | Date last seen | Date last checked out | Copy number | Price effective from | Koha item type |
|---|---|---|---|---|---|---|---|---|---|---|---|---|---|---|---|---|
| Dewey Decimal Classification | GRACE BIBLE COLLEGE | GRACE BIBLE COLLEGE | Biblical Studies | 2022-12-15 | 9 | 228.07 WEI | 015951 | 2026-01-23 | 2026-01-16 | c.1 | 2022-12-15 | Books |